Statistics for Countries of the World in a Spinning Globe

Click here to take the quiz!

General Stats

  • This quiz has been taken 88 times
  • The average score is 171 of 196

Answers on the Map

Answers color-coded by a green-red scale on the quiz's map according to % correct below.
Loading ...
 

Answer Stats

Country% Correct
China
99%
Canada
97%
Mexico
96%
Japan
96%
Russia
96%
North Korea
95%
South Korea
95%
Guatemala
95%
India
95%
United States
95%
Mongolia
93%
Denmark
93%
Cuba
93%
France
93%
Brazil
93%
Papua New Guinea
93%
Spain
92%
United Kingdom
92%
Afghanistan
92%
Belize
92%
Iraq
92%
Honduras
92%
Laos
92%
Kazakhstan
92%
Australia
92%
Italy
92%
Iran
92%
Saudi Arabia
91%
Finland
91%
Ethiopia
91%
Panama
91%
Philippines
91%
Germany
91%
Indonesia
91%
Iceland
91%
Pakistan
91%
Haiti
91%
Egypt
91%
Bahamas
91%
Argentina
91%
Colombia
91%
Algeria
91%
Chile
91%
Bangladesh
91%
Vietnam
91%
Greece
89%
Myanmar
89%
Oman
89%
Ireland
89%
Paraguay
89%
Venezuela
89%
Bolivia
89%
Uruguay
89%
Belarus
89%
Yemen
89%
Cambodia
89%
Thailand
89%
Morocco
89%
Nicaragua
89%
Sweden
89%
El Salvador
89%
Mali
89%
New Zealand
89%
Nepal
89%
Democratic Republic
of the Congo
89%
Dominican Republic
89%
Vanuatu
88%
Mauritania
88%
Zambia
88%
Jamaica
88%
Israel
88%
Albania
88%
Angola
88%
Kenya
88%
Kiribati
88%
Norway
88%
Madagascar
88%
United Arab Emirates
88%
Uzbekistan
88%
Poland
88%
Chad
88%
Taiwan
88%
South Africa
88%
Ecuador
88%
Barbados
88%
Portugal
88%
Federated States of
Micronesia
88%
Turkey
88%
Guinea
88%
Belgium
88%
Costa Rica
88%
Ukraine
88%
Peru
88%
Niger
87%
Tajikistan
87%
Somalia
87%
Uganda
87%
Netherlands
87%
Romania
87%
South Sudan
87%
Tunisia
87%
Sri Lanka
87%
Sudan
87%
Switzerland
87%
Libya
87%
Malaysia
87%
Kyrgyzstan
87%
Austria
87%
Botswana
87%
Brunei
87%
Bulgaria
87%
Cameroon
87%
Ivory Coast
87%
Czech Republic
87%
Dominica
87%
Estonia
87%
Fiji
87%
Ghana
87%
Guyana
87%
Zimbabwe
87%
Tanzania
86%
Bhutan
86%
Saint Kitts and Nevis
86%
Cape Verde
86%
Central African Republic
86%
Turkmenistan
86%
Republic of the Congo
86%
Syria
86%
Gabon
86%
Singapore
86%
Georgia
86%
Bosnia and
Herzegovina
86%
Guinea-Bissau
86%
Saint Vincent and the
Grenadines
86%
Eswatini
86%
Senegal
86%
Hungary
86%
Jordan
86%
Kosovo
86%
Azerbaijan
86%
Nigeria
86%
Serbia
86%
Latvia
86%
Suriname
86%
Andorra
86%
Nauru
84%
Marshall Islands
84%
Togo
84%
Burkina Faso
84%
Tuvalu
84%
Benin
84%
Bahrain
84%
Armenia
84%
Antigua and Barbuda
84%
Croatia
84%
Solomon Islands
84%
Eritrea
84%
Lesotho
84%
Lebanon
84%
Kuwait
84%
Palau
84%
Liechtenstein
84%
Samoa
83%
Namibia
83%
Malawi
83%
Gambia
83%
North Macedonia
83%
Lithuania
83%
Slovenia
83%
Saint Lucia
83%
Slovakia
83%
Tonga
83%
Liberia
83%
Equatorial Guinea
83%
Monaco
83%
Djibouti
83%
Maldives
83%
Seychelles
83%
Cyprus
82%
East Timor
82%
Vatican City
82%
Moldova
82%
Mozambique
82%
San Marino
82%
Malta
82%
São Tomé and Príncipe
82%
Qatar
82%
Burundi
82%
Trinidad and Tobago
82%
Luxembourg
82%
Comoros
82%
Sierra Leone
82%
Grenada
80%
Montenegro
80%
Rwanda
80%
Mauritius
80%

Score Distribution

Percentile by Number Answered

Percent of People with Each Score

Your Score History

You have not taken this quiz